| 000 | 00998cam a22002654a 4500 | ||
|---|---|---|---|
| 003 | OSt | ||
| 005 | 20240530110417.0 | ||
| 008 | 090202s2008 enkab f b 001 0 eng | ||
| 020 | _a9781903025536 | ||
| 040 |
_aEG-CaGPL _cEG-CaGPL |
||
| 041 | _aeng | ||
| 082 | 0 | 4 |
_221 _a709.1\ _bK I |
| 100 | 1 | _aKhalili, Nasser D. | |
| 245 | 1 | 0 |
_aIslamic art and culture : _bTimeline And History / _cNasser D. Khalili. |
| 260 |
_aCairo : _bThe American University in Cairo Press, _c2008. |
||
| 300 |
_a186 s., [2] s. tabl. : _bill. (chiefly col.), maps ; _c30 cm. |
||
| 500 | _aZawiera mapy. Na sklejkach il. i mapa. 2 s. składane, 8 s. częśc. skład.; karta-kompas. | ||
| 500 | _aOryg. opubl. jako: The timeline history of Islamic art and architecture, w 2005 przez Worth Press Ltd. | ||
| 504 | _aPropon. bibliogr. s. 180-182. Indeks. | ||
| 650 | 0 |
_aIslamic art _xHistory. |
|
| 650 | 0 | _aSztuka islamska. | |
| 650 | 0 | _aCywilizacja islamska. | |
| 650 | 0 |
_aIslamic architecture _xHistory. |
|
| 942 |
_2ddc _cBK |
||
| 999 |
_c60583 _d60583 |
||